Filme erraten mit Bildern - Buchstabe C - Statistiken

Allgemein
  • Dieses Quiz wurde 332 mal gespielt
  • Das Durchschnittsergebnis liegt bei 6 aus 16
Antwortstatistiken
Bildquiz Antwort % Korrekt
Cleopatra
91%
Casper
75%
Cruella
70%
Catch me if you can
67%
Casablanca
61%
Citizen Kane
44%
Chroniken von Narnia
42%
Coraline
32%
Cats and Dogs
30%
The Cabin in the Woods
19%
Cable Guy
17%
Cube
17%
Chinatown
12%
Club der Teufelinnen
12%
Contagion
8%
Corrina, Corrina
5%
Keine übereinstimmenden Quizze gefunden
Verteilung der Resultate
Anzahl Personen mit jedem Resultat
Perzentil nach korrekt beantworteten Fragen
Ihre Resultats-Entwicklung
Sie haben dieses Quiz noch nicht gespielt